| 000 | 00435nam a2200193Ia 4500 | ||
|---|---|---|---|
| 005 | 20250603144420.0 | ||
| 008 | 250603s9999 xx 000 0 und d | ||
| 020 | _a8171513379 | ||
| 050 | _aPJ 307 .W75/ | ||
| 100 | _aWright, W. | ||
| 245 | 2 | _aA grammar of the Arabic language | |
| 250 | _a3. bs. | ||
| 260 | _aNew Delhi | ||
| 260 | _bKitab Bhavan | ||
| 260 | _c1975 | ||
| 300 | _a317 p | ||
| 650 | _aNew Delhi | ||
| 942 | _cBK | ||
| 999 |
_c38851 _d38851 |
||